İMPARATOR ÇAY BAHÇESİ/N.ERAY/EVEREST (Kayıt no. 685012)

MARC ayrıntıları
000 -LEADER
sabit uzunluktaki kontrol alanı 00251nam a2200097Ia 4500
001 - KONTROL NUMARASI
kontrol alanı 685012
005 - EN SON İŞLEMİN TARİH VE ZAMANI
kontrol alanı 20250826161509.0
008 - SABİT-UZUNLUKTA VERİ ÖĞELERİ--GENEL BİLGİ
sabit uzunluktaki kontrol alanı 250824s9999 xx 000 0 und d
245 #0 - ESER / YAZAR
ESER ADI İMPARATOR ÇAY BAHÇESİ/N.ERAY/EVEREST
Yazar Adı NAZLI ERAY
260 ## - YAYIN, DAĞITIM, VB.
YAYIN EVİ EVEREST
Mevcut
Düşüm durumu Kayıp durumu Hasar Durumu Ödünç verilmez Ana kütüphane Geçerli Kütüphane Edinilen tarih Toplam ödünç verme sayısı Barkod Son görüntüleme tarihi Fiyatın geçerli olmaya başladığı tarih Koha materyal türü
        SELAHADDİN EYYUBİ ANADOLU LİSESİ SELAHADDİN EYYUBİ ANADOLU LİSESİ 24.08.2025   1022909 26.08.2025 26.08.2025 Kitaplar
Gemini Bilgi Teknolojileri A.Ş. tarafından düzenlenmiştir.